| 000 | 01139nam a22002777i 4500 | ||
|---|---|---|---|
| 003 | DO-SdBNP | ||
| 005 | 20240715135133.0 | ||
| 007 | ta | ||
| 008 | 210309b2020 dr a|||| |||| 00| p spa d | ||
| 020 | _a9789945220537 | ||
| 040 |
_aDO-SdBNP _bspa _cBNPHU _erda |
||
| 082 | 4 |
_aRD861.5 _bO96b _222 |
|
| 100 | 1 |
_aOverst _978031 _eautor |
|
| 245 | 1 | 0 |
_aBrujita de San juan / _cOverst |
| 264 | 1 |
_aSanto Domingo : _bGrupo Nous, _bBúho, _c©2020. |
|
| 300 |
_a39 páginas : _bilustraciones ; _c14 cm. |
||
| 336 |
_2rdacontent _atexto _btxt |
||
| 337 |
_2rdamedia _asin mediación _bn |
||
| 338 |
_2rdacarrier _avolumen _bnc |
||
| 505 | _aDedicatoria, 8.-- Cirugía, 12.-- Cadena perpetua, 14.-- Primavera del 93, 16.-- Wow beautiful, 18.-- Como el primer día, 20.-- Sé, 24.-- Impecable, 26.-- Flor sanjuanera, 28.-- Al confesarte mi amor, 30.-- Mi corazón junto al tuyo, 32.-- Brujita de San Juan, 34.-- Hechizo mágico, 36.-- Mi gran anhelo, 38. | ||
| 590 | _aInventariado, 2021 /LP | ||
| 650 | 4 |
_aPoesía dominicana _966 |
|
| 650 | 4 |
_aLiteratura dominicana. _967 |
|
| 910 | _aLopérez/Validado. Control de calidad/MAA | ||
| 942 |
_2ddc _cLBS1 |
||
| 999 |
_c49512 _d49512 |
||